[Event "Grand Swiss "]
[Date "2025.09.09"]
[White "Nepomniachtchi, Ian"]
[Black "Shirov, Alexei"]
[WhiteElo "2742"]
[BlackElo "2616"]
[Round "6.6.13"]
[Result "1/2-1/2"]

1. e4 {[%clk 01:40:55] [%emt 00:00:04]} e5 {[%clk 01:40:55] [%emt 00:00:05]} 2.
Nf3 {[%clk 01:41:20] [%emt 00:00:04]} Nc6 {[%clk 01:41:22] [%emt 00:00:04]} 3.
Bb5 {[%clk 01:41:37] [%emt 00:00:13]} a6 {[%clk 01:41:46] [%emt 00:00:06]} 4.
Ba4 {[%clk 01:42:02] [%emt 00:00:05]} Nf6 {[%clk 01:42:11] [%emt 00:00:04]} 5.
O-O {[%clk 01:42:26] [%emt 00:00:06]} b5 {[%clk 01:42:39] [%emt 00:00:03]} 6.
Bb3 {[%clk 01:42:50] [%emt 00:00:05]} Bc5 {[%clk 01:43:06] [%emt 00:00:03]} 7.
a4 {[%clk 01:42:25] [%emt 00:00:56]} Rb8 {[%clk 01:41:18] [%emt 00:02:18]} 8. c3
{[%clk 01:42:49] [%emt 00:00:05]} d6 {[%clk 01:41:45] [%emt 00:00:03]} 9. d4
{[%clk 01:43:13] [%emt 00:00:06]} Bb6 {[%clk 01:42:11] [%emt 00:00:04]} 10. a5
{[%clk 01:43:36] [%emt 00:00:08]} Ba7 {[%clk 01:42:36] [%emt 00:00:05]} 11. Be3
{[%clk 01:43:50] [%emt 00:00:16]} Bg4 {[%clk 01:42:21] [%emt 00:00:44]} 12. Nbd2
{[%clk 01:44:14] [%emt 00:00:06]} O-O {[%clk 01:42:45] [%emt 00:00:06]} 13. h3
{[%clk 01:44:04] [%emt 00:00:41]} exd4 {[%clk 01:39:59] [%emt 00:03:16]} 14.
cxd4 {[%clk 01:43:20] [%emt 00:01:13]} Bh5 {[%clk 01:40:02] [%emt 00:00:27]} 15.
Ba2 {[%clk 01:43:46] [%emt 00:00:05]} Re8 {[%clk 01:27:35] [%emt 00:12:57]} 16.
Re1 {[%clk 01:41:35] [%emt 00:02:41]} Nb4 {[%clk 01:07:34] [%emt 00:20:31]} 17.
Bb1 {[%clk 01:40:36] [%emt 00:01:30]} c5 {[%clk 01:07:01] [%emt 00:01:03]} 18.
d5 {[%clk 01:40:52] [%emt 00:00:14]} Rb7 {[%clk 00:54:01] [%emt 00:13:30]} 19.
Ra3 {[%clk 01:40:43] [%emt 00:00:39]} Rbe7 {[%clk 00:50:19] [%emt 00:04:12]} 20.
Bg5 {[%clk 01:34:04] [%emt 00:07:09]} c4 {[%clk 00:49:05] [%emt 00:01:44]} 21.
Bxf6 {[%clk 01:33:45] [%emt 00:00:49]} gxf6 {[%clk 00:49:29] [%emt 00:00:06]}
22. Nf1 {[%clk 01:34:01] [%emt 00:00:13]} Bc5 {[%clk 00:47:55] [%emt 00:02:05]}
23. Ng3 {[%clk 01:31:36] [%emt 00:02:54]} Bg6 {[%clk 00:47:56] [%emt 00:00:29]}
24. Qd2 {[%clk 01:21:15] [%emt 00:10:52]} Nxd5 {[%clk 00:25:37] [%emt 00:22:48]}
25. Qxd5 {[%clk 01:20:34] [%emt 00:01:11]} Bxa3 {[%clk 00:26:04] [%emt
00:00:04]} 26. bxa3 {[%clk 01:20:55] [%emt 00:00:09]} Qxa5 {[%clk 00:26:28]
[%emt 00:00:05]} 27. Re3 {[%clk 01:11:33] [%emt 00:09:52]} Qb6 {[%clk 00:26:07]
[%emt 00:00:50]} 28. Nh5 {[%clk 01:08:20] [%emt 00:03:43]} Re6 {[%clk 00:16:19]
[%emt 00:10:19]} 29. Nf4 {[%clk 01:04:57] [%emt 00:03:52]} Qc5 {[%clk 00:16:02]
[%emt 00:00:48]} 30. Qd2 {[%clk 01:04:56] [%emt 00:00:31]} Rxe4 {[%clk 00:13:15]
[%emt 00:03:17]} 31. Bxe4 {[%clk 00:59:11] [%emt 00:06:15]} Rxe4 {[%clk
00:13:41] [%emt 00:00:05]} 32. Nd5 {[%clk 00:59:09] [%emt 00:00:32]} Kg7 {[%clk
00:13:08] [%emt 00:01:02]} 33. Rc3 {[%clk 00:56:56] [%emt 00:02:43]} a5 {[%clk
00:11:14] [%emt 00:02:24]} 34. Rc1 {[%clk 00:57:06] [%emt 00:00:21]} b4 {[%clk
00:11:28] [%emt 00:00:15]} 35. axb4 {[%clk 00:55:52] [%emt 00:01:44]} axb4
{[%clk 00:11:54] [%emt 00:00:04]} 36. Nxb4 {[%clk 00:54:16] [%emt 00:02:06]} c3
{[%clk 00:12:15] [%emt 00:00:09]} 37. Rxc3 {[%clk 00:54:25] [%emt 00:00:21]}
Qxb4 {[%clk 00:12:39] [%emt 00:00:06]} 38. Rd3 {[%clk 00:54:44] [%emt 00:00:11]}
Qb1+ {[%clk 00:10:42] [%emt 00:02:27]} 39. Kh2 {[%clk 00:53:39] [%emt 00:01:36]}
Re2 {[%clk 00:10:58] [%emt 00:00:14]} 40. Qxe2 {[%clk 00:54:04] [%emt 00:00:05]}
1/2-1/2

[Site "Europe Echecs"]

[Event "Grand Swiss "]
[Date "2025.09.09"]
[White "Sargsyan, Shant"]
[Black "Vachier-Lagrave, Maxime"]
[WhiteElo "2653"]
[BlackElo "2738"]
[Round "6.6.14"]
[Result "1-0"]

1. d4 {[%clk 01:39:39] [%emt 00:01:20]} Nf6 {[%clk 01:40:55] [%emt 00:00:06]} 2.
c4 {[%clk 01:40:00] [%emt 00:00:09]} g6 {[%clk 01:41:21] [%emt 00:00:04]} 3. Nc3
{[%clk 01:40:21] [%emt 00:00:09]} d5 {[%clk 01:41:48] [%emt 00:00:03]} 4. Nf3
{[%clk 01:40:21] [%emt 00:00:29]} Bg7 {[%clk 01:42:15] [%emt 00:00:03]} 5. Bg5
{[%clk 01:40:41] [%emt 00:00:11]} c5 {[%clk 01:40:52] [%emt 00:01:53]} 6. dxc5
{[%clk 01:40:33] [%emt 00:00:37]} Be6 {[%clk 01:40:34] [%emt 00:00:49]} 7. Nd4
{[%clk 01:40:16] [%emt 00:00:47]} Nc6 {[%clk 01:39:56] [%emt 00:01:08]} 8. Nxe6
{[%clk 01:40:22] [%emt 00:00:24]} fxe6 {[%clk 01:40:21] [%emt 00:00:05]} 9. cxd5
{[%clk 01:40:35] [%emt 00:00:17]} Nxd5 {[%clk 01:30:56] [%emt 00:09:55]} 10.
Nxd5 {[%clk 01:40:31] [%emt 00:00:34]} exd5 {[%clk 01:31:21] [%emt 00:00:06]}
11. g3 {[%clk 01:40:57] [%emt 00:00:03]} Qa5+ {[%clk 01:25:38] [%emt 00:06:13]}
12. Bd2 {[%clk 01:33:35] [%emt 00:07:51]} Qxc5 {[%clk 01:25:31] [%emt 00:00:37]}
13. Bh3 {[%clk 01:28:37] [%emt 00:05:28]} O-O {[%clk 01:24:19] [%emt 00:01:42]}
14. O-O {[%clk 01:28:53] [%emt 00:00:14]} Rad8 {[%clk 01:19:38] [%emt 00:05:11]}
15. Rc1 {[%clk 01:23:44] [%emt 00:05:40]} Qd6 {[%clk 01:19:27] [%emt 00:00:40]}
16. Be3 {[%clk 01:20:13] [%emt 00:04:01]} Bxb2 {[%clk 01:08:40] [%emt 00:11:18]}
17. Rb1 {[%clk 01:18:04] [%emt 00:02:39]} Qf6 {[%clk 01:08:57] [%emt 00:00:12]}
18. Bg2 {[%clk 00:58:41] [%emt 00:19:53]} e6 {[%clk 01:03:31] [%emt 00:05:57]}
19. Qc2 {[%clk 00:55:23] [%emt 00:03:48]} Bd4 {[%clk 01:03:50] [%emt 00:00:10]}
20. Rxb7 {[%clk 00:54:35] [%emt 00:01:18]} Rc8 {[%clk 01:03:52] [%emt 00:00:29]}
21. Qd3 {[%clk 00:52:14] [%emt 00:02:51]} Bxe3 {[%clk 00:52:48] [%emt 00:11:34]}
22. Qxe3 {[%clk 00:51:22] [%emt 00:01:21]} Nd4 {[%clk 00:53:15] [%emt 00:00:04]}
23. Rxa7 {[%clk 00:41:12] [%emt 00:10:41]} Ra8 {[%clk 00:40:37] [%emt 00:13:08]}
24. Rxa8 {[%clk 00:38:42] [%emt 00:03:00]} Rxa8 {[%clk 00:41:00] [%emt
00:00:07]} 25. Rd1 {[%clk 00:36:18] [%emt 00:02:53]} Nb5 {[%clk 00:34:44] [%emt
00:06:47]} 26. Bh3 {[%clk 00:30:43] [%emt 00:06:05]} Nc3 {[%clk 00:34:29] [%emt
00:00:45]} 27. Qxe6+ {[%clk 00:27:08] [%emt 00:04:05]} Kg7 {[%clk 00:34:54]
[%emt 00:00:04]} 28. Rd2 {[%clk 00:25:15] [%emt 00:02:23]} Ra5 {[%clk 00:34:23]
[%emt 00:01:02]} 29. Rc2 {[%clk 00:22:25] [%emt 00:03:20]} d4 {[%clk 00:33:03]
[%emt 00:01:50]} 30. e3 {[%clk 00:17:25] [%emt 00:05:31]} Qf3 {[%clk 00:30:06]
[%emt 00:03:27]} 31. Qe7+ {[%clk 00:15:57] [%emt 00:01:57]} Kh6 {[%clk 00:30:31]
[%emt 00:00:05]} 32. Qh4+ {[%clk 00:15:49] [%emt 00:00:38]} Rh5 {[%clk 00:30:54]
[%emt 00:00:07]} 33. Bg4 {[%clk 00:16:09] [%emt 00:00:10]} 1-0

[Site "Europe Echecs"]

[Event "Grand Swiss "]
[Date "2025.09.09"]
[White "Vokhidov, Shamsiddin"]
[Black "Niemann, Hans Moke"]
[WhiteElo "2645"]
[BlackElo "2733"]
[Round "6.6.15"]
[Result "0-1"]

1. e4 {[%clk 01:40:56] [%emt 00:00:02]} c5 {[%clk 01:40:50] [%emt 00:00:11]} 2.
Nf3 {[%clk 01:41:14] [%emt 00:00:13]} d6 {[%clk 01:41:04] [%emt 00:00:15]} 3. d4
{[%clk 01:40:35] [%emt 00:01:09]} cxd4 {[%clk 01:41:25] [%emt 00:00:09]} 4. Nxd4
{[%clk 01:41:01] [%emt 00:00:04]} Nf6 {[%clk 01:41:42] [%emt 00:00:12]} 5. Nc3
{[%clk 01:41:10] [%emt 00:00:20]} a6 {[%clk 01:41:52] [%emt 00:00:21]} 6. Be3
{[%clk 01:39:13] [%emt 00:02:27]} e5 {[%clk 01:41:48] [%emt 00:00:35]} 7. Nb3
{[%clk 01:39:33] [%emt 00:00:10]} Be6 {[%clk 01:40:39] [%emt 00:01:39]} 8. f3
{[%clk 01:38:05] [%emt 00:01:58]} h5 {[%clk 01:40:30] [%emt 00:00:38]} 9. Qd2
{[%clk 01:36:47] [%emt 00:01:49]} Be7 {[%clk 01:34:49] [%emt 00:06:11]} 10. Nd5
{[%clk 01:33:06] [%emt 00:04:11]} Nxd5 {[%clk 01:34:48] [%emt 00:00:31]} 11.
exd5 {[%clk 01:33:31] [%emt 00:00:06]} Bf5 {[%clk 01:35:12] [%emt 00:00:05]} 12.
Be2 {[%clk 01:30:20] [%emt 00:03:41]} Bh4+ {[%clk 01:34:54] [%emt 00:00:47]} 13.
g3 {[%clk 01:30:38] [%emt 00:00:12]} Be7 {[%clk 01:35:19] [%emt 00:00:05]} 14.
h4 {[%clk 01:24:56] [%emt 00:06:13]} Nd7 {[%clk 01:31:56] [%emt 00:03:53]} 15.
O-O-O {[%clk 01:21:36] [%emt 00:03:50]} O-O {[%clk 01:19:25] [%emt 00:13:01]}
16. Bd3 {[%emt 00:21:28]} Bxd3 {[%clk 01:19:44] [%emt 00:00:05]} 17. Qxd3 {[%clk
01:01:10] [%emt 00:00:03]} f5 {[%clk 01:19:56] [%emt 00:00:19]} 18. g4 {[%clk
00:53:41] [%emt 00:07:59]} e4 {[%clk 01:10:30] [%emt 00:09:55]} 19. Qd2 {[%clk
00:52:23] [%emt 00:01:49]} Ne5 {[%clk 01:10:35] [%emt 00:00:24]} 20. gxf5 {[%clk
00:45:50] [%emt 00:07:04]} exf3 {[%clk 01:01:11] [%emt 00:09:53]} 21. Nd4 {[%clk
00:44:10] [%emt 00:02:11]} Qd7 {[%clk 01:01:25] [%emt 00:00:16]} 22. Bg5 {[%clk
00:39:39] [%emt 00:05:01]} Rae8 {[%clk 01:01:10] [%emt 00:00:45]} 23. Qf4 {[%clk
00:37:59] [%emt 00:02:10]} Bxg5 {[%clk 00:55:58] [%emt 00:05:42]} 24. Qxg5
{[%clk 00:26:29] [%emt 00:11:59]} Rf6 {[%clk 00:48:18] [%emt 00:08:10]} 25. Qxh5
{[%clk 00:24:44] [%emt 00:02:15]} Ref8 {[%clk 00:48:42] [%emt 00:00:07]} 26. Qg5
{[%clk 00:20:40] [%emt 00:04:35]} Rxf5 {[%clk 00:48:50] [%emt 00:00:22]} 27.
Nxf5 {[%clk 00:21:06] [%emt 00:00:04]} Rxf5 {[%clk 00:49:13] [%emt 00:00:07]}
28. Qg3 {[%clk 00:18:49] [%emt 00:02:48]} Qa4 {[%clk 00:48:37] [%emt 00:01:05]}
29. a3 {[%clk 00:17:36] [%emt 00:01:44]} f2 {[%clk 00:47:09] [%emt 00:01:57]}
30. Rhf1 {[%clk 00:15:51] [%emt 00:02:16]} Rf3 {[%clk 00:43:32] [%emt 00:04:07]}
31. Qg5 {[%clk 00:16:17] [%emt 00:00:04]} Ng4 {[%clk 00:31:18] [%emt 00:12:43]}
32. Rd3 {[%clk 00:11:03] [%emt 00:05:45]} Qe4 {[%clk 00:31:35] [%emt 00:00:13]}
33. Qd2 {[%clk 00:11:05] [%emt 00:00:28]} Rf5 {[%clk 00:30:48] [%emt 00:01:16]}
34. Rh3 {[%clk 00:06:51] [%emt 00:04:45]} Qg2 {[%clk 00:28:48] [%emt 00:02:29]}
35. Rhh1 {[%clk 00:07:14] [%emt 00:00:07]} Qxh1 {[%clk 00:29:11] [%emt
00:00:08]} 0-1

[Site "Europe Echecs"]

[Event "Grand Swiss "]
[Date "2025.09.09"]
[White "Demchenko, Anton"]
[Black "Vidit, Santosh Gujrathi"]
[WhiteElo "2620"]
[BlackElo "2712"]
[Round "6.6.16"]
[Result "0-1"]

1. Nf3 {[%clk 01:40:56] [%emt 00:00:03]} d5 {[%clk 01:39:44] [%emt 00:01:16]} 2.
b3 {[%clk 01:41:17] [%emt 00:00:10]} Bf5 {[%clk 01:34:49] [%emt 00:05:24]} 3.
Bb2 {[%clk 01:40:36] [%emt 00:01:11]} e6 {[%clk 01:35:03] [%emt 00:00:16]} 4. g3
{[%clk 01:40:31] [%emt 00:00:35]} h6 {[%clk 01:35:12] [%emt 00:00:22]} 5. Bg2
{[%clk 01:39:17] [%emt 00:01:43]} Nf6 {[%clk 01:35:32] [%emt 00:00:11]} 6. O-O
{[%clk 01:38:47] [%emt 00:01:00]} Be7 {[%clk 01:35:21] [%emt 00:00:40]} 7. d3
{[%clk 01:38:51] [%emt 00:00:27]} O-O {[%clk 01:35:25] [%emt 00:00:25]} 8. Nc3
{[%clk 01:37:32] [%emt 00:01:49]} Bh7 {[%clk 01:30:42] [%emt 00:05:13]} 9. e4
{[%clk 01:33:36] [%emt 00:04:26]} a5 {[%clk 01:21:48] [%emt 00:09:25]} 10. Nd2
{[%clk 01:19:09] [%emt 00:14:56]} Nc6 {[%clk 01:13:58] [%emt 00:08:21]} 11. a3
{[%clk 01:10:02] [%emt 00:09:37]} Qd7 {[%clk 00:57:30] [%emt 00:16:57]} 12. Re1
{[%clk 00:59:31] [%emt 00:11:00]} dxe4 {[%clk 00:54:12] [%emt 00:03:48]} 13.
Ncxe4 {[%clk 00:51:36] [%emt 00:08:26]} Nxe4 {[%clk 00:54:11] [%emt 00:00:31]}
14. Nxe4 {[%clk 00:51:15] [%emt 00:00:51]} Rad8 {[%clk 00:46:08] [%emt
00:08:33]} 15. Nd2 {[%clk 00:49:05] [%emt 00:02:40]} Rfe8 {[%clk 00:35:59] [%emt
00:10:39]} 16. Nc4 {[%clk 00:47:29] [%emt 00:02:06]} b5 {[%clk 00:30:53] [%emt
00:05:36]} 17. Nd2 {[%clk 00:37:18] [%emt 00:10:41]} Bc5 {[%clk 00:24:39] [%emt
00:06:43]} 18. a4 {[%clk 00:33:38] [%emt 00:04:10]} Nb4 {[%clk 00:20:07] [%emt
00:05:02]} 19. Be4 {[%clk 00:19:54] [%emt 00:14:13]} c6 {[%clk 00:13:46] [%emt
00:06:52]} 20. Bxh7+ {[%clk 00:16:23] [%emt 00:04:02]} Kxh7 {[%clk 00:14:14]
[%emt 00:00:01]} 21. Nf3 {[%clk 00:16:41] [%emt 00:00:12]} Qc7 {[%clk 00:12:40]
[%emt 00:02:04]} 22. Qe2 {[%clk 00:15:53] [%emt 00:01:19]} Bb6 {[%clk 00:12:07]
[%emt 00:01:02]} 23. d4 {[%clk 00:15:01] [%emt 00:01:22]} Kg8 {[%clk 00:06:27]
[%emt 00:06:11]} 24. c3 {[%clk 00:13:44] [%emt 00:01:47]} Nd5 {[%clk 00:06:55]
[%emt 00:00:02]} 25. axb5 {[%clk 00:13:25] [%emt 00:00:49]} cxb5 {[%clk
00:07:23] [%emt 00:00:01]} 26. c4 {[%clk 00:13:33] [%emt 00:00:22]} bxc4 {[%clk
00:07:24] [%emt 00:00:30]} 27. bxc4 {[%clk 00:14:02] [%emt 00:00:01]} Nb4 {[%clk
00:07:46] [%emt 00:00:07]} 28. c5 {[%clk 00:12:39] [%emt 00:01:54]} Ba7 {[%clk
00:08:11] [%emt 00:00:06]} 29. Bc3 {[%clk 00:11:22] [%emt 00:01:46]} Nc6 {[%clk
00:04:48] [%emt 00:03:53]} 30. Qa6 {[%clk 00:10:48] [%emt 00:01:04]} Rd5 {[%clk
00:03:33] [%emt 00:01:45]} 31. Bxa5 {[%clk 00:06:08] [%emt 00:05:09]} Qd7 {[%clk
00:04:01] [%emt 00:00:02]} 32. Bb6 {[%clk 00:06:07] [%emt 00:00:32]} Bb8 {[%clk
00:03:44] [%emt 00:00:46]} 33. Qa4 {[%clk 00:05:40] [%emt 00:00:57]} Rc8 {[%clk
00:03:04] [%emt 00:01:10]} 34. Red1 {[%clk 00:04:40] [%emt 00:01:29]} g5 {[%clk
00:02:52] [%emt 00:00:43]} 35. h3 {[%clk 00:04:25] [%emt 00:00:45]} h5 {[%clk
00:02:56] [%emt 00:00:26]} 36. h4 {[%clk 00:04:13] [%emt 00:00:42]} gxh4 {[%clk
00:02:47] [%emt 00:00:40]} 37. Nxh4 {[%clk 00:04:38] [%emt 00:00:05]} Kh8 {[%clk
00:01:11] [%emt 00:02:06]} 38. Qb3 {[%clk 00:03:14] [%emt 00:01:54]} Rg8 {[%clk
00:01:00] [%emt 00:00:41]} 39. Qe3 {[%clk 00:02:55] [%emt 00:00:49]} Kh7 {[%clk
00:00:43] [%emt 00:00:47]} 40. Nf3 {[%clk 00:01:02] [%emt 00:02:22]} Rg4 {[%clk
00:00:44] [%emt 00:00:30]} 41. Ra8 {[%clk 00:38:27] [%emt 00:13:04]} Rf5 {[%clk
00:44:35] [%emt 00:06:38]} 42. Nh2 {[%clk 00:30:41] [%emt 00:08:16]} Rg8 {[%clk
00:42:47] [%emt 00:02:19]} 43. Ra3 {[%clk 00:20:53] [%emt 00:10:19]} h4 {[%clk
00:34:58] [%emt 00:08:18]} 44. Qe4 {[%clk 00:21:18] [%emt 00:00:04]} hxg3 {[%clk
00:33:50] [%emt 00:01:39]} 45. fxg3 {[%clk 00:15:32] [%emt 00:06:16]} Bxg3
{[%clk 00:24:09] [%emt 00:10:11]} 46. Kh1 {[%clk 00:15:52] [%emt 00:00:09]} Qd5
{[%clk 00:19:59] [%emt 00:04:40]} 47. Qxd5 {[%clk 00:16:20] [%emt 00:00:02]}
Rxd5 {[%clk 00:18:05] [%emt 00:02:24]} 48. Rdd3 {[%clk 00:15:02] [%emt
00:01:48]} Rdg5 {[%clk 00:16:08] [%emt 00:02:27]} 49. Ba5 {[%clk 00:08:50] [%emt
00:06:42]} f5 {[%clk 00:07:23] [%emt 00:09:15]} 50. d5 {[%clk 00:04:17] [%emt
00:05:03]} exd5 {[%clk 00:07:38] [%emt 00:00:15]} 51. Rxd5 {[%clk 00:04:02]
[%emt 00:00:44]} Nxa5 {[%clk 00:07:18] [%emt 00:00:50]} 52. Rxa5 {[%clk
00:03:22] [%emt 00:01:10]} Bxh2 {[%clk 00:07:03] [%emt 00:00:45]} 53. Rd7+
{[%clk 00:03:02] [%emt 00:00:49]} Kh8 {[%clk 00:07:10] [%emt 00:00:22]} 54. Ra3
{[%clk 00:03:24] [%emt 00:00:10]} Rh5 {[%clk 00:06:52] [%emt 00:00:48]} 0-1

[Site "Europe Echecs"]

[Event "Grand Swiss "]
[Date "2025.09.09"]
[White "Puranik, Abhimanyu"]
[Black "Rapport, Richard"]
[WhiteElo "2640"]
[BlackElo "2711"]
[Round "6.6.17"]
[Result "1/2-1/2"]

1. e4 {[%clk 01:40:53] [%emt 00:00:05]} c5 {[%clk 01:40:19] [%emt 00:00:42]} 2.
Nf3 {[%clk 01:41:08] [%emt 00:00:15]} e6 {[%clk 01:40:02] [%emt 00:00:48]} 3. d4
{[%clk 01:40:51] [%emt 00:00:47]} cxd4 {[%clk 01:40:27] [%emt 00:00:05]} 4. Nxd4
{[%clk 01:41:18] [%emt 00:00:03]} Nc6 {[%clk 01:39:36] [%emt 00:01:21]} 5. Nc3
{[%clk 01:40:53] [%emt 00:00:54]} Qc7 {[%clk 01:39:25] [%emt 00:00:41]} 6. Be3
{[%clk 01:40:21] [%emt 00:01:02]} a6 {[%clk 01:39:43] [%emt 00:00:12]} 7. Bd3
{[%clk 01:40:30] [%emt 00:00:21]} Nf6 {[%clk 01:39:47] [%emt 00:00:26]} 8. Qe2
{[%clk 01:38:42] [%emt 00:02:17]} b5 {[%clk 01:39:26] [%emt 00:00:51]} 9. Nxc6
{[%clk 01:37:06] [%emt 00:02:06]} Qxc6 {[%clk 01:39:46] [%emt 00:00:10]} 10. e5
{[%clk 01:36:22] [%emt 00:01:14]} Nd5 {[%clk 01:39:16] [%emt 00:01:00]} 11. Nxd5
{[%clk 01:36:45] [%emt 00:00:09]} Qxd5 {[%clk 01:39:39] [%emt 00:00:06]} 12. f4
{[%clk 01:37:11] [%emt 00:00:03]} Bb7 {[%clk 01:37:05] [%emt 00:03:05]} 13. O-O
{[%clk 01:36:20] [%emt 00:01:21]} Qc6 {[%clk 01:22:26] [%emt 00:15:09]} 14. Rad1
{[%clk 01:23:53] [%emt 00:12:57]} g6 {[%clk 01:18:42] [%emt 00:04:14]} 15. Qf2
{[%clk 01:21:13] [%emt 00:03:10]} Be7 {[%clk 01:16:06] [%emt 00:03:05]} 16. Rd2
{[%clk 01:20:53] [%emt 00:00:50]} Rd8 {[%clk 01:02:56] [%emt 00:13:41]} 17. Rfd1
{[%clk 01:11:39] [%emt 00:09:43]} d6 {[%clk 01:01:54] [%emt 00:01:33]} 18. Bb6
{[%clk 01:08:45] [%emt 00:03:24]} Rd7 {[%clk 01:01:19] [%emt 00:01:06]} 19. Bf1
{[%clk 01:08:56] [%emt 00:00:18]} O-O {[%clk 01:01:20] [%emt 00:00:29]} 20. b4
{[%clk 00:51:22] [%emt 00:18:04]} f6 {[%clk 00:49:31] [%emt 00:12:19]} 21. exd6
{[%clk 00:48:27] [%emt 00:03:25]} Rxd6 {[%clk 00:44:10] [%emt 00:05:51]} 22.
Rxd6 {[%clk 00:45:20] [%emt 00:03:37]} Bxd6 {[%clk 00:44:30] [%emt 00:00:09]}
23. Bc5 {[%clk 00:45:24] [%emt 00:00:27]} Bxc5 {[%clk 00:43:49] [%emt 00:01:11]}
24. bxc5 {[%clk 00:45:45] [%emt 00:00:09]} Qe4 {[%clk 00:32:45] [%emt 00:11:34]}
25. Rd4 {[%clk 00:38:09] [%emt 00:08:04]} Qf5 {[%clk 00:32:51] [%emt 00:00:25]}
26. Rd7 {[%clk 00:35:00] [%emt 00:03:36]} Rf7 {[%clk 00:29:09] [%emt 00:04:15]}
27. Rd6 {[%clk 00:34:40] [%emt 00:00:50]} e5 {[%clk 00:22:56] [%emt 00:06:44]}
28. c6 {[%clk 00:33:25] [%emt 00:01:44]} Bc8 {[%clk 00:23:23] [%emt 00:00:03]}
29. c4 {[%clk 00:17:57] [%emt 00:15:58]} Kg7 {[%clk 00:20:58] [%emt 00:02:56]}
30. cxb5 {[%clk 00:18:10] [%emt 00:00:18]} axb5 {[%clk 00:21:23] [%emt
00:00:04]} 31. Bd3 {[%clk 00:12:44] [%emt 00:05:56]} Qh5 {[%clk 00:20:18] [%emt
00:01:35]} 32. Bxb5 {[%clk 00:10:54] [%emt 00:02:20]} exf4 {[%clk 00:20:43]
[%emt 00:00:05]} 33. Bc4 {[%clk 00:09:19] [%emt 00:02:06]} Qe5 {[%clk 00:19:35]
[%emt 00:01:38]} 34. Rd5 {[%clk 00:04:31] [%emt 00:05:11]} Qc3 {[%clk 00:14:50]
[%emt 00:05:22]} 35. Bb3 {[%clk 00:01:25] [%emt 00:03:30]} Re7 {[%clk 00:10:34]
[%emt 00:04:52]} 36. Rd1 {[%clk 00:01:20] [%emt 00:00:35]} Bg4 {[%clk 00:07:49]
[%emt 00:03:15]} 37. Rf1 {[%clk 00:01:38] [%emt 00:00:10]} g5 {[%clk 00:07:52]
[%emt 00:00:30]} 38. h3 {[%clk 00:00:59] [%emt 00:01:09]} Bf5 {[%clk 00:06:48]
[%emt 00:01:34]} 39. Bd5 {[%clk 00:01:10] [%emt 00:00:19]} Kg6 {[%clk 00:01:13]
[%emt 00:06:05]} 40. Qb6 {[%clk 00:00:48] [%emt 00:00:52]} Bd3 {[%clk 00:00:36]
[%emt 00:01:07]} 41. Rd1 {[%clk 00:45:41] [%emt 00:05:36]} Bc2 {[%clk 00:22:42]
[%emt 00:28:24]} 42. Rc1 {[%clk 00:38:16] [%emt 00:07:53]} Qd2 {[%clk 00:19:57]
[%emt 00:03:17]} 43. Qb2 {[%clk 00:37:56] [%emt 00:00:51]} Re1+ {[%clk 00:19:01]
[%emt 00:01:26]} 44. Rxe1 {[%clk 00:37:04] [%emt 00:01:22]} Qxe1+ {[%clk
00:19:28] [%emt 00:00:03]} 45. Kh2 {[%clk 00:37:27] [%emt 00:00:07]} Qg3+ {[%clk
00:19:55] [%emt 00:00:03]} 46. Kh1 {[%clk 00:37:44] [%emt 00:00:12]} 1/2-1/2

[Site "Europe Echecs"]